Every Country, State, and Territory in the world (Part 1 of 3) - Statistics

General Stats
  • This quiz has been taken 40 times
  • The average score is 44 of 500
Answer Stats
Picture Answer % Correct
United States of America
96%
Texas
71%
Alaska
63%
California
58%
New Mexico
58%
Colorado
54%
Alabama
50%
Arizona
50%
Arkansas
50%
Guam
50%
Hawaii
50%
Maryland
50%
Ohio
50%
Puerto Rico
50%
United Kingdom
50%
U.S Virgin Islands
50%
Washington
50%
American Samoa
46%
Indiana
46%
Anguilla
42%
Florida
42%
Georgia
42%
Minnesota
42%
Mississippi
42%
North Carolina
42%
Northern Mariana Islands
42%
Rhode Island
42%
Wyoming
42%
Canada
38%
Delaware
38%
Illinois
38%
Iowa
38%
New York
38%
Oklahoma
38%
South Dakota
38%
Utah
38%
Cook Islands
33%
Louisiana
33%
Maine
33%
Michigan
33%
Nevada
33%
Oregon
33%
Russia
33%
South Carolina
33%
Tennessee
33%
Virginia
33%
Australia
29%
Bermuda
29%
Gibraltar
29%
Montana
29%
New Hampshire
29%
New Jersey
29%
New Zealand
29%
Niue
29%
Pennsylvania
29%
Vermont
29%
Wisconsin
29%
British Indian Ocean Territory
25%
Christmas Island
25%
Connecticut
25%
Falkland Islands
25%
Idaho
25%
Kansas
25%
Kentucky
25%
Massachusetts
25%
Missouri
25%
Nebraska
25%
Norfolk Island
25%
North Dakota
25%
Nova Scotia
25%
Quebec
25%
West Virginia
25%
Australian Capital Territory
21%
British Antarctic Territory
21%
British Virgin Islands
21%
Corsica
21%
France
21%
Italy
21%
Montserrat
21%
New South Wales
21%
Northern Territory
21%
Queensland
21%
South Australia
21%
Tasmania
21%
Tokelau
21%
Victoria
21%
Western Australia
21%
Alberta
17%
Bhutan
17%
Brazil
17%
British Colombia
17%
Curacao
17%
Cyprus
17%
Denmark
17%
Dominican Republic
17%
Faroe Islands
17%
Finland
17%
Georgia
17%
Greece
17%
Iceland
17%
Ireland
17%
Japan
17%
Jeju
17%
Lebanon
17%
Malta
17%
Nepal
17%
New Caledonia
17%
Newfoundland and Labrador
17%
Norway
17%
Ontario
17%
Saint Helena
17%
Saskatchewan
17%
South Korea
17%
Sweden
17%
Switzerland
17%
The Netherlands
17%
Vatican City
17%
Aland
13%
Albania
13%
Aruba
13%
Ascension Islands
13%
Bangladesh
13%
Bonaire
13%
Brittany
13%
Bulgaria
13%
Calabria
13%
Cayman Islands
13%
China
13%
Cocos Islands
13%
Comoros
13%
Dagestan
13%
French Polynesia
13%
Greenland
13%
Hauts-de-France
13%
Hungary
13%
Israel
13%
Ivory Coast
13%
Kosovo
13%
Lazio
13%
Libya
13%
Malaysia
13%
Manitoba
13%
Mauritania
13%
Nunavut
13%
Papua New Guinea
13%
Pays De La Loire
13%
San Marino
13%
Tonga
13%
Turkey
13%
Vietnam
13%
Yukon
13%
Algeria
8%
Azerbaijan
8%
Burkina faso
8%
Cameroon
8%
Democratic Republic of the Congo
8%
Madagascar
8%
Martinique
8%
Molise
8%
Myanmar
8%
New Brunswick
8%
Niger
8%
Northwest Territories
8%
Pakistan
8%
Palau
8%
Palestine
8%
Pitcairn Islands
8%
Prince Edward Island
8%
Sakha
8%
Sardinia
8%
Sicily
8%
South Georgia and the South Sandwich Islands
8%
Tunisia
8%
Turks and Caicos Islands
8%
Acre
4%
Adygea
4%
Altai Krai
4%
Altai Republic
4%
Amur Oblast
4%
Arkhangelsk Oblast
4%
Astrakhan Oblast
4%
Bashkortostan
4%
Belgium
4%
Bryansk Oblast
4%
Buryatia
4%
Chechen Republic
4%
Chelyabinsk Oblast
4%
Chukotka
4%
Chuvashia
4%
Durres
4%
Elbasan
4%
Emilia-Romagna
4%
French Southern and Antarctic Lands
4%
Friesland
4%
Gabon
4%
Gangwon
4%
Gozo
4%
Gyeonggi
4%
Ingushetia
4%
Irkutsk Oblast
4%
Ivanovo Oblast
4%
Kabardino-Balkaria
4%
Kaliningrad_Oblast
4%
Kinshasa
4%
Leinster
4%
Lombardy
4%
Moscow Oblast
4%
Normandie
4%
North Chungcheong
4%
North Gyeongsang
4%
Oslo
4%
Para
4%
Parana
4%
Peleliu
4%
Saba
4%
Sankuru
4%
Sint Maarten
4%
South Chungcheong
4%
South Gyeongsang
4%
South Jeolla
4%
Tristan Da Cunha
4%
Ulster
4%
Vlore
4%
Wallis and Futuna
4%
Aargau
0%
Abruzzo
0%
Adjara
0%
Agder
0%
Aimeliik
0%
Airai
0%
Akershus
0%
Alagoas
0%
Alpes Cote d'Azur
0%
Amapa
0%
Amazonas
0%
Angaur
0%
Antwerp
0%
Appenzell Ausserrhoden
0%
Appenzell Innerrhoden
0%
Apulia
0%
Auvergne-Rhone-Alpes
0%
Ayeyarwady
0%
Azad Jammu and Kashmir
0%
Bahia
0%
Balochistan
0%
Basel
0%
Basel-Landschaft
0%
Basilicata
0%
Belgorod Oblast
0%
Berat
0%
Bern
0%
Bougainville
0%
Bourgogne Franche Comte
0%
Bradant Wallon
0%
Brussels
0%
Burgas
0%
Buskerud
0%
Campania
0%
Ceara
0%
Central
0%
Central Finland
0%
Central Ostrobothnia
0%
Centre Val De Loire
0%
Chimbu
0%
Chin
0%
Connacht
0%
Danu
0%
Distrito Federal
0%
Dobrich
0%
Drenthe
0%
Eastern Highlands
0%
East flanders
0%
East New Britain
0%
East Sepik
0%
Enga
0%
Espirito Santo
0%
Estuaire
0%
Finnmark
0%
Flemish Bradant
0%
Flevoland
0%
Fribourg
0%
Friuli-Venezia
0%
Gabrovo
0%
Gelderland
0%
Geneva
0%
Gilgit-Baltistan
0%
Glarus
0%
Goias
0%
Granburnden
0%
Groningen
0%
Gulf
0%
Hainaut
0%
Hatohobei
0%
Haut-Ogoogue
0%
Hela
0%
Jeonbuk
0%
Jiwaka
0%
Johor
0%
Jura
0%
Kachin
0%
Kainuu
0%
Kalmykia
0%
Kaluga Oblast
0%
Kamchatka Krai
0%
Karachay-Cherkessia
0%
Karelia
0%
Kayah
0%
Kayangel
0%
Kayin
0%
Kemerovo Oblast
0%
Khabarovsk Krai
0%
Khakassia
0%
Khyber Pakhtunkhwa
0%
Kirov Oblast
0%
Kokang
0%
Komi
0%
Korce
0%
Koror
0%
Kostroma Oblast
0%
Krasnodar Krai
0%
Krasnoyarsk Krai
0%
Kukes
0%
Kurgan Oblast
0%
Kursk Oblast
0%
Leningrad Oblast
0%
Liege
0%
Liguria
0%
Limburg
0%
Limburg
0%
Lipetsk Oblast
0%
Lucerne
0%
Luxembourg province
0%
Madang
0%
Magadan Oblast
0%
Magway
0%
Mandalay
0%
Manus
0%
Maranhao
0%
Marche
0%
Mari El
0%
Mato Grosso
0%
Mato Grosso do Sul
0%
Melekeok
0%
Milne Bay
0%
Minas Gerais
0%
Mon
0%
Monsenor Nouel
0%
Montana
0%
Mordovia
0%
More og Romsdal
0%
Morobe
0%
Mount Athos
0%
Moyen-Ogooue
0%
Munster
0%
Murmansk Oblast
0%
Naga
0%
Namur
0%
National Capital District
0%
Naypyidaw
0%
Nenets Autonomous District
0%
Neuchatel
0%
New Ireland
0%
Ngaraard
0%
Ngarchelong
0%
Ngardmau
0%
Ngatpang
0%
Ngchesar
0%
Ngeremlengui
0%
Ngiwal
0%
Ngounie
0%
Nidwalden
0%
Nizhny Novgorod Region
0%
Nordland
0%
Nord Trondelag
0%
North Bardant
0%
Northern Savonia
0%
North Holland
0%
North Karelia
0%
North Ossetia
0%
Nouvelle Aquitaine
0%
Novgorod Oblast
0%
Novosibirsk Oblast
0%
Nyanga
0%
Obwalden
0%
Occitanie
0%
Ogooue-Lolo
0%
Ogooue-lvindo
0%
Ogooue-Maritime
0%
Okinawa
0%
Omsk Oblast
0%
Orenburg Oblast
0%
Oro
0%
Oryol Oblast
0%
Ostfold
0%
Overijsel
0%
Paijat Hame
0%
Paluaung
0%
Pa-O
0%
Paraiba
0%
Penza Oblast
0%
Perm Krai
0%
Pernambuco
0%
Piaui
0%
Piedmont
0%
Plovdiv
0%
Primorsky Krai
0%
Pskov Oblast
0%
Puerto Plata
0%
Punjab
0%
Rahkine
0%
Rio de Janeiro
0%
Rio Grande do Norte
0%
Rio Grande do Sul
0%
Rogaland
0%
Rondonia
0%
Roraima
0%
Rostov Oblast
0%
Ryazan Oblast
0%
Sagaing
0%
Saint Barthelemy
0%
Sakhalin Oblast
0%
Samara Oblast
0%
Sandaun
0%
Sankt Gallen
0%
San Pedro de Macoris
0%
Santa Catarina
0%
Sao Paulo
0%
Saratov Oblast
0%
Satakunta
0%
Schaffhausen
0%
Schwyz
0%
Sergipe
0%
Shan
0%
Shumen
0%
Sindh
0%
Sint Eustatius
0%
Smolensk Oblast
0%
Smolyan
0%
Sofia
0%
Solothurn
0%
Sonsorol
0%
South Aegean
0%
Southern Highlands
0%
Southern Ostrobothina
0%
Southern Region
0%
South Savonia
0%
Stara Zagora
0%
Stavropol Krai
0%
Sverdlovsk Oblast
0%
Tambov Oblast
0%
Tanintharyi
0%
Targovishet
0%
Tatarstan
0%
Tavastia Proper
0%
Tbilisi
0%
Telemark
0%
Thessaly
0%
Thurgau
0%
Ticino
0%
Tirane
0%
Tomsk Oblast
0%
Tovantins
0%
Trentino-South Tyrol
0%
Troms
0%
Tula Oblast
0%
Tuscany
0%
Tuva
0%
Tver Oblast
0%
Tyumen Oblast
0%
Udmurtia
0%
Ulyanovsk Oblast
0%
Umbria
0%
Uri
0%
Utrecht
0%
Uusimaa
0%
Valais
0%
Valle d'Aosta
0%
Varna
0%
Vaud
0%
Veliko Tarnovo
0%
Veneto
0%
Vestfold
0%
Vladimir Oblast
0%
Volgograd Oblast
0%
Vologda Oblast
0%
Voronezh Oblast
0%
Western Highlands
0%
Western Province
0%
West flanders
0%
West New Britain
0%
Woleu-ntem
0%
Yamal-Nenets Autonomous District
0%
Yangon
0%
Yaroslavl Oblast
0%
Yugra
0%
Zabaykalsky Krai
0%
Zeeland
0%
Zug
0%
Zuid Holland
0%
Zurich
0%
No matching quizzes found
Score Distribution
Percent of People with Each Score
Percentile by Number Answered
Your Score History
You have not taken this quiz